00582 2200217 4500001002100000005001500021035002000036007000300056008004100059020002200100082001000122084001600132100001300148245005300161250001100214260003800225300003700263650002800300504002500328990001100353INLIS00000000000150520180208025957 a0010-0218000100ta180208 g 0 ind  a978-602-6348-55-5 a633.5 a633.5 PUR t0 aPURWANTO1 aTips Sukses Usaha dan Berkebun Sawit /cPurwanto acet. 1 aDepok :bForest Publishing,c2016 a104 hlm :b.ilus ;c14 x 20,5 cm aPERKEBUNAN KELAPA SAWIT aBibliografi; Hlm 103 a5951 A